[Event "Mondiale Lampo FIDE 2019"]
[Site "Mosca"]
[Date "29.12.2019"]
[Round "4.27"]
[White "Ruck, Robert"]
[Black "Salem, A.R. Saleh"]
[Result "1-0"]
[WhiteTitle "GM"]
[BlackTitle "GM"]
[WhiteElo "2530"]
[BlackElo "2675"]
[WhiteFideId "705713"]
[BlackFideId "9301348"]
[EventDate "2019.12.29"]

1. c4 g6 2. Nc3 Bg7 3. g3 c5 4. Bg2 Nc6 5. e3 e5 6. Nge2 Nge7 7. d3 d6 8. O-O
O-O 9. b3 Rb8 10. Bb2 Be6 11. Nd5 b5 12. Qd2 f5 13. Rac1 Qd7 14. Rfd1 g5 15. f4
h6 16. Rf1 Ng6 17. Bc3 b4 18. Bb2 a5 19. Rcd1 a4 20. d4 a3 21. Ba1 Qe8 22. Nc7
Qd7 23. Nxe6 cxd4 24. Nxf8 Rxf8 25. exd4 exf4 26. gxf4 Nh4 27. d5 Nd8 28. Bxg7
Qxg7 29. Qd4 Qg6 30. Ng3 h5 31. fxg5 Nxg2 32. Kxg2 f4 33. Rxf4 1-0

[Event "Mondiale Lampo FIDE 2019"]
[Site "Mosca"]
[Date "29.12.2019"]
[Round "4.28"]
[White "Iljiushenok, Ilia"]
[Black "Quparadze, Giga"]
[Result "1-0"]
[WhiteTitle "GM"]
[BlackTitle "GM"]
[WhiteElo "2521"]
[BlackElo "2462"]
[WhiteFideId "24105074"]
[BlackFideId "13602250"]
[EventDate "2019.12.29"]

1. e4 e5 2. Nf3 Nc6 3. Bb5 a6 4. Ba4 Nf6 5. Nc3 b5 6. Bb3 Be7 7. a3 d6 8. d3 Na5
9. Ba2 Be6 10. Bxe6 fxe6 11. b4 Nc6 12. Bd2 O-O 13. Rb1 d5 14. O-O d4 15. Ne2
Qd6 16. Kh1 Nd7 17. c3 a5 18. c4 bxc4 19. dxc4 Nf6 20. c5 Qd8 21. Ng3 axb4 22.
axb4 Qe8 23. Qb3 Qd7 24. b5 Na5 25. Bxa5 Rxa5 26. Nxe5 Qe8 27. Qxe6+ Kh8 28. Nc6
Ra8 29. Qxe7 1-0

[Event "Mondiale Lampo FIDE 2019"]
[Site "Mosca"]
[Date "29.12.2019"]
[Round "4.29"]
[White "Riazantsev, Alexander"]
[Black "Kovalev, Vladislav"]
[Result "1-0"]
[WhiteTitle "GM"]
[BlackTitle "GM"]
[WhiteElo "2639"]
[BlackElo "2662"]
[WhiteFideId "4125029"]
[BlackFideId "13504398"]
[EventDate "2019.12.29"]

1. e4 d6 2. d4 Nf6 3. Nc3 g6 4. Nf3 Bg7 5. Be3 O-O 6. Qd2 c6 7. Bh6 Bg4 8. Bxg7
Kxg7 9. e5 dxe5 10. Nxe5 Be6 11. O-O-O Nbd7 12. f4 Qa5 13. Bc4 Bxc4 14. Nxc4 Qa6
15. Ne5 b5 16. Qd3 Rfd8 17. Kb1 e6 18. g4 Nxe5 19. fxe5 Nd5 20. Ne4 Qb6 21. Qf3
b4 22. h4 h6 23. Rhf1 Rd7 24. Ka1 a5 25. Nc5 Re7 26. Rd2 a4 27. Rdf2 Raa7 28.
Qe4 a3 29. b3 Kg8 30. Rxf7 Rxf7 31. Qxg6+ Rg7 32. Qe8+ Kh7 33. Rf8 Rxg4 34. Rh8+
Kg7 35. Qg8# 1-0

[Event "Mondiale Lampo FIDE 2019"]
[Site "Mosca"]
[Date "29.12.2019"]
[Round "4.30"]
[White "Motylev, Alexander"]
[Black "Dragnev, Valentin"]
[Result "0-1"]
[WhiteTitle "GM"]
[BlackTitle "GM"]
[WhiteElo "2640"]
[BlackElo "2553"]
[WhiteFideId "4121830"]
[BlackFideId "1634852"]
[EventDate "2019.12.29"]

1. e4 c5 2. Nf3 e6 3. d4 cxd4 4. Nxd4 a6 5. Nc3 b5 6. Bd3 Qb6 7. Nb3 Qc7 8. Qe2
Nc6 9. Bd2 Nb4 10. a4 Nxd3+ 11. cxd3 b4 12. Na2 Qc2 13. Na5 Qc7 14. Nb3 a5 15.
Rc1 Qd8 16. O-O Nf6 17. Be3 Be7 18. Rc2 Ba6 19. f3 O-O 20. Rfc1 e5 21. Rc7 d5
22. Qd2 d4 23. Bg5 Nxe4 24. Bxe7 Nxd2 25. Nxd2 Qd5 26. b3 Rfc8 27. Ne4 Rxc7 28.
Rxc7 Qxb3 29. Nc1 Qd1+ 30. Kf2 Bxd3 31. Nd6 Bg6 32. Ne2 h6 33. Ng3 Qd2+ 34. Kg1
Qe1+ 0-1

[Event "Mondiale Lampo FIDE 2019"]
[Site "Mosca"]
[Date "29.12.2019"]
[Round "4.31"]
[White "Carlsson, Pontus"]
[Black "Smirin, Ilia"]
[Result "1-0"]
[WhiteTitle "GM"]
[BlackTitle "GM"]
[WhiteElo "2456"]
[BlackElo "2607"]
[WhiteFideId "1705814"]
[BlackFideId "2801990"]
[EventDate "2019.12.29"]

1. d4 Nf6 2. c4 e6 3. Nf3 d5 4. Bg5 dxc4 5. e4 b5 6. a4 c6 7. Nc3 Bb4 8. e5 h6
9. exf6 hxg5 10. fxg7 Rg8 11. g3 Nd7 12. Bg2 Bb7 13. O-O a6 14. Qc2 Rxg7 15. b3
cxb3 16. Qxb3 Bxc3 17. Qxc3 Kf8 18. Nd2 Kg8 19. Nb3 Rc8 20. Rfc1 Qb6 21. Qe3 Nf6
22. Nc5 Rc7 23. Qe5 Bc8 24. Qxf6 1-0

[Event "Mondiale Lampo FIDE 2019"]
[Site "Mosca"]
[Date "29.12.2019"]
[Round "4.32"]
[White "Paravyan, David"]
[Black "Vishnu Prasanna, V"]
[Result "1/2-1/2"]
[WhiteTitle "GM"]
[BlackTitle "GM"]
[WhiteElo "2629"]
[BlackElo "2493"]
[WhiteFideId "4194985"]
[BlackFideId "5030692"]
[EventDate "2019.12.29"]

1. e4 c5 2. Nf3 d6 3. d4 cxd4 4. Nxd4 Nf6 5. Nc3 a6 6. Bd3 e5 7. Nb3 Be7 8. O-O
O-O 9. h3 b5 10. a4 Bb7 11. axb5 axb5 12. Rxa8 Bxa8 13. Re1 b4 14. Nd5 Nxd5 15.
exd5 Nd7 16. Qg4 Nf6 17. Qxb4 Nxd5 18. Qg4 Nf6 19. Qg3 e4 20. Be2 Nd5 21. Nd4
Bh4 22. Qg4 e3 23. g3 exf2+ 24. Kxf2 Bf6 25. c3 Be5 26. Bf3 Nf6 27. Qh4 Re8 28.
Bg5 Qb8 29. b4 Qc8 30. Bxa8 Qxc3 31. Nf3 Qb2+ 32. Kf1 Rxa8 33. Qc4 h6 34. Bxf6
Bxf6 35. b5 Ra2 36. Re8+ Kh7 37. Re2 Qb1+ 38. Kg2 d5 39. Qxa2 Qxb5 40. Qc2+ g6
41. h4 Kg7 42. Rd2 Qd7 43. Qd3 Qg4 44. Qxd5 1/2-1/2

[Event "Mondiale Lampo FIDE 2019"]
[Site "Mosca"]
[Date "29.12.2019"]
[Round "4.33"]
[White "Chigaev, Maksim"]
[Black "Antipov, Mikhail Al."]
[Result "0-1"]
[WhiteTitle "GM"]
[BlackTitle "GM"]
[WhiteElo "2631"]
[BlackElo "2549"]
[WhiteFideId "4108116"]
[BlackFideId "4107012"]
[EventDate "2019.12.29"]

1. e4 e5 2. Nf3 Nc6 3. d4 exd4 4. Nxd4 Nf6 5. Nxc6 bxc6 6. e5 Qe7 7. Qe2 Nd5 8.
g3 Bb7 9. Bg2 O-O-O 10. O-O f6 11. c4 Nb6 12. Qc2 fxe5 13. a4 d5 14. Nd2 a5 15.
b4 Ba6 16. b5 Bb7 17. Ba3 Qe6 18. c5 Nc4 19. Nxc4 dxc4 20. Rab1 Rd3 21. bxc6
Bxc6 22. Bxc6 Qxc6 23. Qxc4 Rd4 24. Qb3 Qd5 25. Qb8+ Kd7 26. c6+ Qxc6 27. Bxf8
Ke6 28. Rfc1 Qe4 29. Qxc7 0-1

[Event "Mondiale Lampo FIDE 2019"]
[Site "Mosca"]
[Date "29.12.2019"]
[Round "4.34"]
[White "Tomashevsky, Evgeny"]
[Black "Khanin, Semen"]
[Result "1-0"]
[WhiteTitle "GM"]
[BlackTitle "IM"]
[WhiteElo "2705"]
[BlackElo "2500"]
[WhiteFideId "4147235"]
[BlackFideId "4111990"]
[EventDate "2019.12.29"]

1. Nf3 Nf6 2. c4 e6 3. g3 d5 4. Bg2 dxc4 5. O-O c5 6. Na3 Nc6 7. Nxc4 Be7 8. b3
O-O 9. Bb2 Bd7 10. d4 cxd4 11. Nxd4 Rc8 12. Nb5 a6 13. Nbd6 Rb8 14. Rc1 Nd5 15.
Nf5 Bf6 16. Bxd5 exd5 17. Qxd5 Bxb2 18. Nxb2 Be6 19. Qxd8 Rfxd8 20. Ne3 Rd2 21.
Rc2 Rbd8 22. Rd1 Rxd1+ 23. Nbxd1 Nd4 24. Rb2 Rc8 25. Kf1 g5 26. Rd2 Nc6 27. Ke1
b5 28. Rc2 Kf8 29. Nb2 Ke7 30. Nd3 Kd6 31. Rd2 Nd4 32. Nb4 Rc1+ 33. Nd1 Ra1 34.
Rxd4+ Kc5 35. e3 a5 36. Nd3+ Kb6 37. b4 a4 38. Nc5 Bxa2 39. Kd2 Bc4 40. Nc3 a3
41. Rd6+ Kc7 42. Ra6 Rf1 43. e4 Rxf2+ 44. Ke3 Rxh2 45. Rxa3 h5 46. Ra6 Rg2 47.
Kf3 Rc2 48. Nd5+ Bxd5 49. exd5 Rd2 1-0

[Event "Mondiale Lampo FIDE 2019"]
[Site "Mosca"]
[Date "29.12.2019"]
[Round "4.35"]
[White "Triapishko, Alexandr"]
[Black "Fridman, Daniel"]
[Result "0-1"]
[WhiteTitle "IM"]
[BlackTitle "GM"]
[WhiteElo "2502"]
[BlackElo "2616"]
[WhiteFideId "14122286"]
[BlackFideId "11600454"]
[EventDate "2019.12.29"]

1. Nf3 Nf6 2. g3 d5 3. Bg2 e6 4. O-O c5 5. b3 Nc6 6. Bb2 Bd6 7. d4 cxd4 8. Nxd4
O-O 9. c4 Qb6 10. cxd5 exd5 11. Nxc6 bxc6 12. Bxf6 gxf6 13. Nc3 Re8 14. e3 Bf5
15. Na4 Qb7 16. Qh5 Bg6 17. Qh4 Qe7 18. Rac1 Rac8 19. Qd4 Ba3 20. Rcd1 Red8 21.
Qf4 Qe5 22. Rd2 a5 23. Rfd1 Bb4 24. Re2 Bh5 25. f3 Bg6 26. Bh3 Rc7 27. Nb2 Bd6
28. Qh4 Bc5 29. Kf1 Bxe3 30. Rde1 d4 31. Nc4 Qd5 32. Nxe3 dxe3 33. Rxe3 Kg7 34.
Kf2 Qc5 35. Qc4 Rd2+ 36. Re2 Rxe2+ 37. Kxe2 Qh5 38. Qg4 Qb5+ 39. Qc4 Qh5 40. Qg4
Qc5 41. Qc4 Qa3 42. Kf2 Qxa2+ 43. Re2 Qa3 44. f4 Rb7 45. f5 Bh5 46. g4 Rb4 47.
Qc3 Rxb3 48. Qxc6 Rxh3 49. gxh5 Rxh2+ 50. Ke1 Qg3+ 51. Kd2 Qf4+ 52. Kd3 Qxf5+
53. Kd2 Qg5+ 54. Kd3 Qf5+ 55. Kd2 Rxe2+ 56. Kxe2 Qxh5+ 57. Kd2 Qg5+ 58. Ke2 h5
59. Kf3 h4 60. Ke2 Qg4+ 0-1

[Event "Mondiale Lampo FIDE 2019"]
[Site "Mosca"]
[Date "29.12.2019"]
[Round "4.36"]
[White "Alekseev, Evgeny"]
[Black "Petrosyan, Manuel"]
[Result "0-1"]
[WhiteTitle "GM"]
[BlackTitle "GM"]
[WhiteElo "2620"]
[BlackElo "2613"]
[WhiteFideId "4138147"]
[BlackFideId "13300857"]
[EventDate "2019.12.29"]

1. Nf3 d5 2. e3 Nf6 3. c4 e6 4. Nc3 b6 5. b3 a6 6. Bb2 Bd6 7. d4 O-O 8. Bd3 Bb7
9. O-O Nbd7 10. cxd5 exd5 11. Ne2 Re8 12. Ng3 g6 13. Rc1 Qe7 14. Qc2 Rac8 15.
Qe2 Ra8 16. Rc2 Ne4 17. Rfc1 Ndf6 18. a4 Nxg3 19. hxg3 Ne4 20. Ne5 c5 21. Bxe4
cxd4 22. Bxd4 Bxe5 23. Bxe5 Qxe5 24. Bf3 Re7 25. Qd2 h5 26. Qb4 Qf6 27. Rd2 Rd8
28. Rd4 a5 29. Qd2 Qe5 30. Rd1 Red7 31. e4 Rd6 32. exd5 Bc8 33. Re1 Qf6 34. Rf4
Qg7 35. Re7 Bf5 36. Qe3 Qf6 37. Kh2 Kg7 38. Re5 R6d7 39. Qd4 Rd6 40. Re3 Qxd4
41. Rxd4 Kf6 42. Kg1 Be6 43. Rf4+ Bf5 44. Rc4 Bg4 45. Bxg4 hxg4 46. Rf4+ Kg7 47.
Re7 Rf6 48. Rxf6 Kxf6 49. Rb7 Rd6 50. Kf1 Ke5 51. Rxf7 Kxd5 52. Rf4 Kc5 53. Rxg4
Rd3 54. Rg5+ Kb4 55. Rb5+ Ka3 56. Rxb6 Rxb3 57. Rxg6 Kxa4 58. g4 Rb8 59. g5 Kb5
60. Rd6 a4 61. Rd3 Kc4 62. Ra3 Kb4 63. Ra1 Rg8 64. f4 a3 65. Kf2 Kb3 66. Kf3 Kb2
67. Re1 Rc8 68. g6 a2 69. g7 Rg8 70. f5 Rxg7 0-1

[Event "Mondiale Lampo FIDE 2019"]
[Site "Mosca"]
[Date "29.12.2019"]
[Round "4.37"]
[White "Sethuraman, S.P."]
[Black "Ivanisevic, Ivan"]
[Result "1/2-1/2"]
[WhiteTitle "GM"]
[BlackTitle "GM"]
[WhiteElo "2638"]
[BlackElo "2593"]
[WhiteFideId "5021596"]
[BlackFideId "912417"]
[EventDate "2019.12.29"]

1. e4 c6 2. d4 d5 3. exd5 cxd5 4. Bd3 Nc6 5. c3 g6 6. Nf3 Bg7 7. O-O Nh6 8. Re1
O-O 9. Bf4 Nf5 10. Nbd2 f6 11. Qb3 g5 12. Bxf5 Bxf5 13. Bg3 Qd7 14. c4 e6 15.
cxd5 exd5 16. h3 Rfe8 17. a3 Bf8 18. Qc3 Kg7 19. Nb3 b6 20. Rac1 Rxe1+ 21. Rxe1
Re8 22. Rxe8 Qxe8 23. Nbd2 Qd7 24. Nf1 Nd8 25. Ne3 Be6 26. h4 h6 27. hxg5 hxg5
28. Qd3 Nf7 29. Nd2 Nd6 30. Qc3 Nf5 31. Nxf5+ Bxf5 32. Nf1 Qc8 33. Qxc8 Bxc8 34.
Ne3 Be6 35. Kf1 Kf7 36. Ke2 Ke8 37. Bb8 a6 38. Ba7 b5 39. Bc5 Bh6 40. g4 Bf8 41.
Kd3 Be7 42. Bxe7 Kxe7 43. Kc3 a5 44. Kd3 Kd6 45. f3 Kc6 46. Kc3 Kd6 47. Kd3 Kc6
48. Kc3 Kd6 49. Kd3 1/2-1/2

[Event "Mondiale Lampo FIDE 2019"]
[Site "Mosca"]
[Date "29.12.2019"]
[Round "4.38"]
[White "Vavulin, Maxim"]
[Black "Salgado Lopez, Ivan"]
[Result "1/2-1/2"]
[WhiteTitle "GM"]
[BlackTitle "GM"]
[WhiteElo "2556"]
[BlackElo "2605"]
[WhiteFideId "4169530"]
[BlackFideId "2257327"]
[EventDate "2019.12.29"]

1. e4 e5 2. Nf3 Nc6 3. Bb5 Nf6 4. Qe2 d6 5. c3 a6 6. Ba4 Be7 7. O-O Bd7 8. d4
O-O 9. d5 Nb8 10. Bc2 Bg4 11. h3 Bh5 12. c4 a5 13. Nc3 Nfd7 14. g4 Bg6 15. Be3
Na6 16. a3 h6 17. Rab1 c5 18. Kg2 Nc7 19. Rh1 Bh7 20. h4 Re8 21. g5 h5 22. Nd2
Bg6 23. Nf1 f6 24. Qd2 fxg5 25. hxg5 Bf7 26. Ng3 g6 27. Bd1 Nf8 28. Nf5 Nh7 29.
Nxe7+ Qxe7 30. Be2 Rf8 31. Rbf1 Be8 32. f4 exf4 33. Bxf4 Bd7 34. Qe3 Ra6 35. a4
Ne8 36. Rf2 Ra8 37. Qg3 Rd8 38. Rhf1 b6 39. Be3 Rxf2+ 40. Rxf2 Ng7 41. Bf4 Ne8
42. Be3 Ng7 43. Bf4 Ne8 44. b3 Nf8 45. e5 dxe5 46. Bxe5 Nh7 47. Bf4 Ng7 48. Bd3
Nf5 49. Qh2 Rf8 50. Re2 Qd8 51. Bxf5 Bxf5 52. Qg3 Bg4 53. Re5 Qd7 54. Ne4 Bf5
55. Nf2 Qg7 56. Qe3 h4 57. Re7 Rf7 58. Re8+ Rf8 59. Re7 Rf7 60. Re8+ Rf8 61. Re7
Rf7 62. Rxf7 Qxf7 63. Qe5 Nf8 64. Qb8 Qe7 65. Qxb6 h3+ 66. Kg3 Qe2 67. Qd6 h2
68. Qf6 Qxf2+ 69. Kxf2 h1=Q 70. Be5 Qh4+ 71. Ke2 Qe4+ 72. Kf2 Qh4+ 73. Ke2 Qe4+
74. Kf2 Qc2+ 75. Ke1 Qb1+ 76. Kf2 Qc2+ 77. Ke1 Qb1+ 78. Kf2 Qc2+ 1/2-1/2

[Event "Mondiale Lampo FIDE 2019"]
[Site "Mosca"]
[Date "29.12.2019"]
[Round "4.39"]
[White "Novikov, Stanislav"]
[Black "Petrov, Nikita"]
[Result "0-1"]
[WhiteTitle "GM"]
[BlackTitle "GM"]
[WhiteElo "2531"]
[BlackElo "2585"]
[WhiteFideId "4125371"]
[BlackFideId "4101286"]
[EventDate "2019.12.29"]

1. g3 d5 2. Bg2 g6 3. d3 Bg7 4. Nd2 e5 5. c3 Nc6 6. Qc2 Nge7 7. Ngf3 O-O 8. O-O
h6 9. e4 a5 10. b3 Be6 11. Bb2 Re8 12. a3 d4 13. cxd4 exd4 14. h3 Qd7 15. Kh2 g5
16. Ne1 Ng6 17. Qd1 f5 18. exf5 Bxf5 19. Ne4 Nce5 20. Nc2 g4 21. h4 Nf3+ 22.
Bxf3 gxf3 23. Qxf3 Ne5 24. Qd1 Nxd3 25. Qxd3 Bxe4 26. Qd2 c5 27. b4 Qf5 28. Ne1
c4 29. Qd1 c3 30. Bc1 d3 31. Be3 Rad8 0-1

[Event "Mondiale Lampo FIDE 2019"]
[Site "Mosca"]
[Date "29.12.2019"]
[Round "4.40"]
[White "Sychev, Klementy"]
[Black "Gundavaa, Bayarsaikhan"]
[Result "1-0"]
[WhiteTitle "GM"]
[BlackTitle "GM"]
[WhiteElo "2563"]
[BlackElo "2489"]
[WhiteFideId "4114060"]
[BlackFideId "4901045"]
[EventDate "2019.12.29"]

1. e4 c5 2. Nf3 d6 3. d4 cxd4 4. Nxd4 Nf6 5. Nc3 a6 6. Be2 e5 7. Nb3 Be7 8. Be3
Be6 9. h4 h5 10. Nd5 Bxd5 11. exd5 Nbd7 12. g3 g6 13. c4 a5 14. Nd2 b6 15. Nb1
Nc5 16. Nc3 O-O 17. g4 hxg4 18. Bxg4 Kg7 19. Be2 Rh8 20. Qc2 Nh5 21. O-O-O Bxh4
22. Rdg1 Nf4 23. Bf1 Qe7 24. Nb5 Bg5 25. a3 a4 26. Kb1 Rxh1 27. Rxh1 Nh5 28.
Bxg5 Qxg5 29. Nxd6 Nf6 30. Ka2 Nb3 31. Bd3 Qf4 32. Nb5 Ng4 33. Rf1 Rc8 34. Nc3
Nc5 35. Be2 Nh2 36. Rd1 Qxf2 37. d6 Nf3 38. Nb5 Nd4 39. Nxd4 exd4 40. Qd2 Nb3
41. Qg5 Qxe2 42. Rh1 Qe3 43. d7 Rb8 44. d8=Q Rxd8 45. Qxd8 Nc5 46. Qh8# 1-0

[Event "Mondiale Lampo FIDE 2019"]
[Site "Mosca"]
[Date "29.12.2019"]
[Round "4.41"]
[White "Atabayev, Saparmyrat"]
[Black "Sasikiran, Krishnan"]
[Result "1/2-1/2"]
[WhiteTitle "IM"]
[BlackTitle "GM"]
[WhiteElo "2425"]
[BlackElo "2656"]
[WhiteFideId "14000571"]
[BlackFideId "5004985"]
[EventDate "2019.12.29"]

1. d4 d5 2. c4 c6 3. e3 Nf6 4. Nf3 Bf5 5. Qb3 Qc7 6. cxd5 cxd5 7. Nc3 e6 8. Bd2
Nc6 9. Rc1 a6 10. Ne5 Bd6 11. f4 O-O 12. Be2 Rfc8 13. O-O Na5 14. Qd1 Qd8 15. g4
Be4 16. g5 Bxe5 17. fxe5 Nd7 18. Nxe4 dxe4 19. h4 Nc6 20. Qe1 Ne7 21. Qf2 Nf5
22. Bg4 g6 23. Bxf5 exf5 24. Bb4 Nf8 25. Qd2 Qd5 26. Bxf8 Kxf8 27. b3 Kg7 28.
Qb4 a5 29. Qe7 Kg8 30. h5 Qe6 31. Qxb7 Rcb8 32. Qc6 a4 33. Qxe6 fxe6 34. Rc3
axb3 35. Rxb3 gxh5 36. Rfb1 Rxb3 37. axb3 Kf7 38. b4 Rb8 39. b5 Rb6 40. Kg2 Kg6
41. Kh3 Kxg5 42. Rg1+ Kh6 43. Rb1 Kg5 44. Rg1+ Kh6 45. Rb1 Kg5 46. Rg1+ Kh6 47.
Rb1 Kg5 48. Rg1+ Kh6 49. Rb1 Kg5 1/2-1/2

[Event "Mondiale Lampo FIDE 2019"]
[Site "Mosca"]
[Date "29.12.2019"]
[Round "4.42"]
[White "Bluebaum, Matthias"]
[Black "Xu, Yinglun"]
[Result "1/2-1/2"]
[WhiteTitle "GM"]
[BlackTitle "GM"]
[WhiteElo "2644"]
[BlackElo "2555"]
[WhiteFideId "24651516"]
[BlackFideId "8604940"]
[EventDate "2019.12.29"]

1. d4 d5 2. c4 e6 3. Nc3 Nf6 4. cxd5 Nxd5 5. e4 Nxc3 6. bxc3 c5 7. Rb1 Be7 8.
Bc4 O-O 9. Ne2 cxd4 10. cxd4 b6 11. O-O Bb7 12. Ng3 Nd7 13. Bb2 Rc8 14. Qe2 Qc7
15. Rbc1 Bg5 16. Rc2 Ba6 17. Qh5 Qd8 18. Qe2 Qc7 19. Qh5 Qd8 20. Qe2 1/2-1/2

[Event "Mondiale Lampo FIDE 2019"]
[Site "Mosca"]
[Date "29.12.2019"]
[Round "4.43"]
[White "Can, Emre"]
[Black "Belov, Vladimir"]
[Result "1/2-1/2"]
[WhiteTitle "GM"]
[BlackTitle "GM"]
[WhiteElo "2600"]
[BlackElo "2598"]
[WhiteFideId "6302181"]
[BlackFideId "4132394"]
[EventDate "2019.12.29"]

1. e4 c6 2. Nc3 d5 3. Nf3 dxe4 4. Nxe4 Nf6 5. Ng3 Bg4 6. h3 Bxf3 7. Qxf3 Qd5 8.
Be2 e6 9. O-O Nbd7 10. c3 Ne5 11. Qe3 Be7 12. d4 Nc4 13. Qd3 Nb6 14. Bf3 Qd7 15.
Qe2 O-O 16. Bd2 a5 17. Rad1 a4 18. Rfe1 Rfe8 19. Ne4 Nxe4 20. Bxe4 Nd5 21. a3
Bf8 22. h4 Nf6 23. Bc2 g6 24. Bf4 Bg7 25. Be5 h5 26. Rd3 Ng4 27. Bxg7 Kxg7 28.
f3 Nf6 29. Qe5 Qd8 30. c4 Ra5 31. Qe3 Qb6 32. Qd2 Raa8 33. Qc3 Qa5 34. Kf2 Red8
35. Re5 Qxc3 36. bxc3 Nd7 37. Re1 Nb6 38. c5 Nc4 39. Ra1 b6 40. cxb6 Rdb8 41.
Rdd1 Rxb6 42. Ke2 Kf6 43. g3 Ke7 44. Rdc1 Kd6 45. Kd3 Nb2+ 46. Ke2 Nc4 47. Kd3
Nb2+ 48. Ke2 Rab8 49. Rcb1 Nc4 50. Rxb6 Rxb6 51. Bxa4 Ra6 52. Bb3 Rxa3 53. Rxa3
Nxa3 54. c4 c5 55. Kd3 cxd4 56. Kxd4 e5+ 57. Kd3 Kc5 58. f4 exf4 59. gxf4 f6 60.
Ba2 Kb4 61. Kd4 Nc2+ 62. Kd5 Ne3+ 63. Ke6 Ng2 64. Kxf6 Nxf4 65. Kg5 Ng2 66. Kxg6
Nxh4+ 67. Kxh5 Nf3 1/2-1/2

[Event "Mondiale Lampo FIDE 2019"]
[Site "Mosca"]
[Date "29.12.2019"]
[Round "4.44"]
[White "Inarkiev, Ernesto"]
[Black "Zubov, Alexander"]
[Result "0-1"]
[WhiteTitle "GM"]
[BlackTitle "GM"]
[WhiteElo "2663"]
[BlackElo "2601"]
[WhiteFideId "4162722"]
[BlackFideId "14109409"]
[EventDate "2019.12.29"]

1. c4 Nf6 2. Nc3 d5 3. cxd5 Nxd5 4. Nf3 g6 5. Qb3 Nb6 6. d4 Be6 7. Qc2 Bc4 8. b3
Ba6 9. Bb2 Bg7 10. O-O-O Nd5 11. Nxd5 Qxd5 12. e4 Qa5 13. a3 O-O 14. h4 Bxf1 15.
Rhxf1 Nd7 16. d5 Qc5 17. Bxg7 Kxg7 18. Kb2 Qxc2+ 19. Kxc2 Rfd8 20. Kb2 Rac8 21.
Rc1 Nf6 22. Rfe1 Ng4 23. Re2 Rd6 24. Rc4 h5 25. Rc3 c5 26. a4 b6 27. Nd2 e6 28.
Nc4 Rdd8 29. dxe6 fxe6 30. f3 Nf6 31. Kc2 Rd4 32. Rd2 Nd7 33. Nd6 Rxd2+ 34. Kxd2
Rc6 35. Nc4 Kf8 36. Rd3 Rc7 37. Ke3 Ke7 38. Kf4 a6 39. Kg5 b5 40. axb5 axb5 41.
Na3 c4 42. bxc4 b4 43. Nb1 Rxc4 44. Rb3 Nc5 45. Rb2 b3 46. Nd2 Rc2 47. Rxb3 Rxd2
48. Rc3 Rxg2+ 49. Kf4 Nd7 50. Rc7 e5+ 51. Ke3 Rh2 52. Rc6 Nf8 0-1

[Event "Mondiale Lampo FIDE 2019"]
[Site "Mosca"]
[Date "29.12.2019"]
[Round "4.45"]
[White "Dubov, Daniil"]
[Black "Kobalia, Mikhail"]
[Result "1-0"]
[WhiteTitle "GM"]
[BlackTitle "GM"]
[WhiteElo "2690"]
[BlackElo "2609"]
[WhiteFideId "24126055"]
[BlackFideId "4119150"]
[EventDate "2019.12.29"]

1. a3 Nf6 2. Nf3 d5 3. b4 Bg4 4. Bb2 Nbd7 5. e3 e6 6. h3 Bh5 7. c4 Be7 8. cxd5
exd5 9. Be2 O-O 10. O-O Re8 11. d3 Bd6 12. Nbd2 c6 13. Nb3 Ne5 14. Nfd4 Bxe2 15.
Qxe2 Ng6 16. Rac1 Rc8 17. Qf3 Ne5 18. Qd1 Ng6 19. Nc5 Bb8 20. g3 Qc7 21. Nf5 Ne5
22. f4 Ned7 23. Nxg7 Kxg7 24. Qh5 Rxe3 25. Nxd7 Qxd7 26. Bxf6+ Kf8 27. Bd4 Rxg3+
28. Kh2 Rg6 29. Qxh7 Qf5 30. Bc5+ Ke8 31. Rce1+ Kd8 32. Qh8+ 1-0

[Event "Mondiale Lampo FIDE 2019"]
[Site "Mosca"]
[Date "29.12.2019"]
[Round "4.46"]
[White "Bartel, Mateusz"]
[Black "Vitiugov, Nikita"]
[Result "0-1"]
[WhiteTitle "GM"]
[BlackTitle "GM"]
[WhiteElo "2634"]
[BlackElo "2747"]
[WhiteFideId "1112635"]
[BlackFideId "4152956"]
[EventDate "2019.12.29"]

1. e4 e6 2. d4 d5 3. Nc3 Nf6 4. Bg5 dxe4 5. Nxe4 Nbd7 6. Nf3 Be7 7. Nxf6+ Bxf6
8. Bxf6 Nxf6 9. Bb5+ Bd7 10. Qe2 O-O 11. O-O-O a5 12. Bd3 a4 13. a3 b5 14. c3
Qe7 15. Ne5 Rab8 16. g4 Nd5 17. h4 f6 18. Qe4 g6 19. Nxd7 Qxd7 20. Rde1 Rbe8 21.
Rhg1 c6 22. f4 Qc7 23. Ref1 f5 24. Qe5 Qxe5 25. fxe5 Ne3 26. gxf5 Nxf1 27. fxg6
Ne3 28. gxh7+ Kh8 29. Bg6 Re7 30. h5 Rf1+ 31. Rxf1 Nxf1 32. Kc2 Ne3+ 33. Kd3 Nc4
34. Kc2 c5 35. b3 axb3+ 36. Kxb3 cxd4 37. cxd4 Rd7 38. Kb4 Rxd4 39. Kxb5 Nxa3+
40. Kc5 Rd5+ 41. Kc6 Nc4 0-1

[Event "Mondiale Lampo FIDE 2019"]
[Site "Mosca"]
[Date "29.12.2019"]
[Round "4.49"]
[White "Meier, Georg"]
[Black "Turov, Maxim"]
[Result "1/2-1/2"]
[WhiteTitle "GM"]
[BlackTitle "GM"]
[WhiteElo "2626"]
[BlackElo "2574"]
[WhiteFideId "4675789"]
[BlackFideId "4120086"]
[EventDate "2019.12.29"]

1. Nf3 Nf6 2. c4 e6 3. g3 a6 4. Bg2 b5 5. b3 Bb7 6. O-O c5 7. Nc3 b4 8. Na4 Be7
9. d4 cxd4 10. Nxd4 Bxg2 11. Kxg2 Qc7 12. Qd3 Nc6 13. Qf3 Rc8 14. Nxc6 Qxc6 15.
Bb2 O-O 16. Bxf6 Qxf3+ 17. Kxf3 Bxf6 18. Rad1 d5 19. cxd5 exd5 20. Rxd5 Rc2 21.
Ra5 Rxa2 22. Rxa6 Re8 23. e3 Rc8 24. Rb6 Be7 25. Rb7 Bf8 26. Nb6 Rcc2 27. Nd7
Rd2 28. Nxf8 Kxf8 29. Rxb4 Rab2 30. g4 g6 31. h4 Kg7 32. Rb7 Rd3 33. Rc1 Rdxb3
34. Rxb3 Rxb3 35. Rc5 Rb4 36. Kg3 Ra4 37. f3 Ra3 38. e4 Ra1 39. h5 f6 40. Kf4
gxh5 41. Rxh5 Kg6 42. Rc5 Ra4 43. Rc8 Ra5 44. Rc6 Rb5 45. Kg3 Ra5 46. Rc8 Ra3
47. Kf4 Ra5 48. Rd8 Rb5 49. Rd5 Rb3 50. Rf5 Ra3 51. Kg3 Rb3 52. Rd5 Ra3 53. Kf4
Rb3 54. Rd6 Rb5 55. Rc6 Ra5 56. Kg3 Ra3 57. Rb6 Ra5 58. Rb3 Rc5 59. f4 h5 60.
gxh5+ Kxh5 61. Rd3 Kg6 62. Rd5 Rc1 63. Rb5 Re1 64. Kf3 Kf7 65. Rb7+ Ke6 66. f5+
Kd6 67. Rf7 Ke5 68. Re7+ Kd4 69. Re6 Rf1+ 70. Kg4 Rg1+ 71. Kf3 Rf1+ 72. Kg4 Rg1+
73. Kh5 Ke3 74. e5 Kf4 75. Rxf6 Kxe5 76. Rf8 Rg2 77. Kh6 Rg1 78. Kh7 Rg2 79. Rf7
Rg1 80. Rf8 Rg2 81. f6 1/2-1/2

[Event "Mondiale Lampo FIDE 2019"]
[Site "Mosca"]
[Date "29.12.2019"]
[Round "4.50"]
[White "Kamsky, Gata"]
[Black "Huzman, Alexander"]
[Result "1-0"]
[WhiteTitle "GM"]
[BlackTitle "GM"]
[WhiteElo "2677"]
[BlackElo "2567"]
[WhiteFideId "2000024"]
[BlackFideId "2803828"]
[EventDate "2019.12.29"]

1. e4 e5 2. Nf3 Nf6 3. Nxe5 d6 4. Nf3 Nxe4 5. d4 d5 6. Bd3 Be7 7. O-O Bf5 8. Re1
Nd7 9. c4 c6 10. cxd5 cxd5 11. Qb3 Ndf6 12. Bb5+ Kf8 13. Nc3 Bd6 14. Ne5 Nxc3
15. bxc3 h6 16. a4 g6 17. Bf1 Qc7 18. c4 Kg7 19. c5 Bxe5 20. Rxe5 b6 21. Bf4 Qc8
22. Rc1 bxc5 23. dxc5 Nh5 24. Be3 Be6 25. Bd4 Kh7 26. c6 Rb8 27. Qf3 Qc7 28.
Rxh5 gxh5 29. Qf6 Rhg8 30. Bd3+ 1-0